000 00697cam a22002411 4500
001 he 66001716
003 DLC
005 20260227111441.0
008 840307s1896 pl 000 0 heb
010 _ahe 66001716
035 _a(OCoLC)19153221
040 _aDLC
_cMH
_dDLC
042 _apremarc
050 0 0 _aBM522.6
_b.A85 1896
100 1 _aLavski, Baruch ben Samuel Meir.
245 1 0 _aSheʼelot u-teshuvot Minḥat Barukh :
_bḥeleḳ Imre ḥayim...ʻal Oraḥ ḥayim...
260 _aWarsaw :
_bDefus ha-aḥim Shuldberg,
_c656, 1896.
300 _a274 p. ;
_c34 cm.
650 0 _aResponsa.
740 0 _aMinḥat Barukh.
740 0 _aImre ḥayim.
752 _aPoland
_dWarsaw
999 _c31973
_d31973